| 000 | 01938nam0a2200361 4500 | ||
|---|---|---|---|
| 001 | RU\NLR\BIBL_A\012079242 | ||
| 005 | 20190912153409.0 | ||
| 010 |
_a978-5-235-04302-2 _91000 |
||
| 021 |
_aRU _bКН-П-19-054656 _9КН-П-19-3928 |
||
| 035 | _a(NLR Aleph) 012079242 | ||
| 035 | _a(RuMoRGB)010048064 | ||
| 090 |
_a11795598 _c11795598 |
||
| 100 | _a20190822d2019 u y0rusy50 ca | ||
| 101 | 0 | _arus | |
| 102 | _aRU | ||
| 105 | _aach|z|||000zy | ||
| 200 | 1 |
_aЭнергия сопротивления _eиздательство "Молодая гвардия": XXI век. Осмысление прошлого, приближение будущего _fВалентин Юркин |
|
| 210 |
_aМосква _cМолодая гвардия _d2019 |
||
| 215 |
_a488, [2] с., [24] л. ил., цв. ил., портр., факс. _cил., портр. _d21 |
||
| 300 | _aНа 4-й с. обл. авт.: В. Ф. Юркин, канд. филос. наук, заслуж. работник культуры | ||
| 300 | _aВ кн. вошли статьи и интервью В. Юркина 2002-2019 годов, а также статьи авторов "Молодой гвардии" | ||
| 333 | _a16+ | ||
| 600 | 1 |
_aЮркин _bВ. Ф. _f1940 _gВалентин Федорович _jСборники _92423041 _3RU\NLR\AUTH\6601661377 |
|
| 601 | 0 | 2 |
_a"Молодая гвардия", открытое акционерное общество _cМосква, город _jСборники _92551053 _3RU\NLR\AUTH\661509543 |
| 686 | 1 | _aЧ617.4(2)712.6я43 | |
| 686 | 1 | _aЧ617.3(2Р)7-8Юркин.я43 | |
| 700 | 1 |
_aЮркин _bВ. Ф. _f1940- _gВалентин Федорович |
|
| 942 | _cBOOK | ||
| 980 | _aNBR | ||
| 980 | _aNB | ||